[Alvermann, Dirk: Biographisches Lexikon für Pommern, Bd. I]

Titel: [Alvermann, Dirk: Biographisches Lexikon für Pommern, Bd. I] / Karge Wolf
Verfasser:
In: Baltische Studien, Band 102 (2016), Seite 211-212
alle Artikel anzeigen
Veröffentlicht: 2016
Format: Aufsatz
Sprache: Deutsch
Schlagworte:
Kein Bild verfügbar
X
alg: 42861304
001A    $03025:19-04-18 
001B    $01999:27-07-21 $t17:20:24.000 
001C    $03025:19-04-18 $t16:34:37.000 
001D    $03025:19-04-18 
001U    $0utf8 
001X    $00 
002@    $0Aou 
002C    $aText $btxt $2rdacontent 
002D    $aohne Hilfsmittel zu benutzen $bn $2rdamedia 
002E    $aBand $bnc $2rdacarrier 
003@    $0428613047 
007A    $0428613047 $aHEB 
010@    $ager 
010E    $erda 
011@    $a2016 
013D    $#Newspapers Sections, columns, etc. Reviews $#Book reviewing $#Journaux Cahiers, chroniques, etc. Comptes rendus $#Livres Recension $#Rezension $#Buchbesprechung $#Buchrezension $#Buchkritik $74049712-4 $8Rezension [Ts1] $9085138568 
021A    $a[Alvermann, Dirk: Biographisches Lexikon für Pommern, Bd. I] $hKarge Wolf 
028A    $BVerfasser $#Karge, W. $#Karge, Wolfgang $4aut $7121568490 $8Karge, Wolf$Z1951- [Tp3] $9152923446 
031A    $d102 $h211-212 $j2016 
039B    $aEnthalten in $8--Abvc--. Baltische Studien. - Kiel : Ludwig, 1832-. - ISSN 0067-3099 $x201600001020000789 $9047264489 
039T    $aRezension von $8--Acu--. Biographisches Lexikon für Pommern. - Köln : Böhlau, 2013- $9320693597 
045F    $a900.943816 $eDDC23BSB 
045F/01 $a900 
045F/03 $g43816 
045T    $aAVL $qDE-30 $2FID 

lok: 42861304 78

exp: 42861304 78 1 #EPN
201B/01 $019-04-18 $t16:34:37.000 
201C/01 $019-04-18 
201U/01 $0utf8 
203@/01 $01021288535 
208@/01 $a19-04-18 $be 
209A/01 $a/ $f000 $x00 
209A/01 $ab*p $x01 
220C/01 $awma 
244Z/01 $#Pommern $#Pommern $#Herzogtum Pommern $#Herzogthum Pommern $#Provinz Pommern $#Pomorze $74046744-2 $8--Tg1--Pommern $x06 $9085130354 
247C/01 $82080>Marburg/Lahn, Herder-Institut, Forschungsbibliothek, Bibliographieportal $9336309341
LEADER 00000caa a2200000 c 4500
001 428613047
003 DE-603
005 20210727172024.0
007 tu
008 180419s2016 xx |||| | u00||u|ger c
035 |a (DE-599)HEB428613047 
040 |a DE-603  |b ger  |c DE-603  |d DE-603  |e rda 
041 |a ger 
082 0 4 |8 1\u  |a 900.943816  |q DE-101  |2 23/BSB 
084 |a AVL  |q DE-30  |2 fid 
085 |8 1\u  |b 900 
085 |8 1\u  |z 2  |s 43816 
100 1 |a Karge, Wolf  |d 1951-  |e Verfasser  |4 aut  |0 (DE-603)152923446  |0 (DE-588)121568490  |2 gnd 
245 0 0 |a [Alvermann, Dirk: Biographisches Lexikon für Pommern, Bd. I]  |c Karge Wolf 
264 0 |c 2016 
336 |a Text  |b txt  |2 rdacontent 
337 |a ohne Hilfsmittel zu benutzen  |b n  |2 rdamedia 
338 |a Band  |b nc  |2 rdacarrier 
655 7 |a Rezension  |2 gnd-content  |0 (DE-588)4049712-4  |0 (DE-603)085138568 
773 0 8 |i Enthalten in  |t Baltische Studien  |d Kiel : Ludwig, 1832-  |h 24 cm  |x 0067-3099  |g Band 102 (2016), Seite 211-212  |w (DE-603)047264489  |w (DE-600)202273-4 
787 0 8 |i Rezension von  |t Biographisches Lexikon für Pommern  |d Köln : Böhlau, 2013-  |w (DE-603)320693597 
924 0 |9 2080  |a (DE-603)1021288535  |b DE-2080  |c HES  |d d  |g /